00579nam a2200181Ia 4500003000900000008004100009020002200050040001600072080001600088100002000104245011000124260002800234300001000262650004400272650003200316650002700348650002200375IN-BaIIA211028s9999 xx 000 0 eng d a978-1-4472-7860-3 cIIA Library a629.78bHAD aHadfield, Chris 0aYou are herebaround the world in 92 minutescChris Hadfield  aLondonbMacmillanc2014 a200p. aEarth (Planet) - photographs from space aInternational space station aPhotographs from space aSpace photography